LEADER 01027nam0 22002651i 450 001 RML0237680 005 20231121125704.0 100 $a20121121d1993 ||||0itac50 ba 101 | $aita 102 $ait 181 1$6z01$ai $bxxxe 182 1$6z01$an 200 1 $aRepertorio dell'edilizia ed urbanistica$e59 voci in ordine alfabetico con disciplina e giurisprudenza$fGiuseppe Turco Liveri 205 $a3a. edizione aggiornata 210 $aRimini $cMaggioli $d1993 215 $a431 p.$d24 cm. 700 1$aTURCO LIVERI$b, Giuseppe$3RMLV151835$034504 801 3$aIT$bIT-01$c20121121 850 $aIT-FR0098 899 $aBiblioteca Area Giuridico Economica$bFR0098 912 $aRML0237680 950 0$aBiblioteca Area Giuridico Economica$d 53IMP 344.O46/19$e 53VM 0000064485 VM barcode:ECO004085. - Inventario:1907. - Fondo:Sala consultazioneVM$fA $h19941019$i20121204 977 $a 53 996 $aRepertorio dell'edilizia ed urbanistica$9741973 997 $aUNICAS